Piosenki Young Multiego - nagła śmierć - Statystyki

Ogólne statystyki
  • Ten quiz został rozwiązany 70 razy
  • Średni wynik to 9 z 15
Answers on the Grid
Answers color-coded by a green-red scale on the quiz's grid according to % correct below.
Nowy sezon
Odtwórzcie Głowy
Młody Manson
Nowa Fala
Skrzydła
Kontrola Jakości
Trap
Aura
Plecak
Zamknięte Głowy
Hejterzy
Fakty
Delfin
Rekin
Widzowie
Kim ty jesteś
Live
Diamenty
Mulciak
Kacper
Hinata
Pogba
Pytasz mnie
Do Brzegu
Plotki
Oscar
Do krańca
Jeden dzień
AK47
Klocki
 
Statystyki odpowiedzi
Odpowiedź % Poprawnych
Młody Manson
88%
Plecak
81%
AK47
69%
Diamenty
65%
Nowa Fala
65%
Pogba
65%
Nowy sezon
62%
Trap
62%
Delfin
60%
Kim ty jesteś
56%
Oscar
56%
Plotki
50%
Skrzydła
48%
Pytasz mnie
46%
Jeden dzień
42%
Nie znaleziono quizów pasujących do podanych kryteriów
Rozkład punktacji
Procent ludzi z każdym wynikiem
Percentyl według liczby udzielonych odpowiedzi
Twoja historia wyników
Nie rozwiązałeś tego quizu